Countries Who Export the Most Sand - Statistics

General Stats
  • This quiz has been taken 20 times
  • The average score is 13 of 20
Answer Stats
Export Country % Correct
34.5 Egypt
100%
45.3 China
89%
30.7 Saudi Arabia
89%
73.5 Australia
84%
385.6 United States
84%
22.7 United Kingdom
79%
26.1 Canada
74%
17.6 United Arab Emirates
74%
48.8 France
68%
126.0 Germany
68%
182.8 Netherlands
68%
16.8 Norway
68%
17.9 Spain
68%
105.6 Belgium
63%
15.4 Denmark
58%
33.7 Taiwan
53%
70.2 Vietnam
53%
15.8 Malaysia
47%
53.2 Cambodia
37%
14.9 Bulgaria
21%
No matching quizzes found
Score Distribution
Percent of People with Each Score
Percentile by Number Answered
Your Score History
You have not taken this quiz